| 000 | 01092nam a22002417a 4500 | ||
|---|---|---|---|
| 005 | 20240305165515.0 | ||
| 007 | cr|||| ||| | ||
| 008 | 181222s2016 co |||||s|||| 00||0 spa d | ||
| 020 | _a978-958-762-586-8 | ||
| 035 | _a22580 | ||
| 040 | _avLex | ||
| 090 |
_c8374 _d8374 |
||
| 100 | 1 | _aGutiérrez Rojas, Andrés | |
| 245 | 1 | 0 |
_aEstrategias de muestreo, diseño de encuestas y estimación de parámetros _h[Recurso electrónico] / _cAndrés Gutiérrez Rojas |
| 256 | _aServicio en línea | ||
| 260 |
_aBogotá: _bEdiciones de la U, _c2016 |
||
| 300 | _a1 recurso electrónico | ||
| 506 | 1 |
_aDisponible solo en los productos indicados _dvLex Global _dvLex Global (Academic Edition, excluding Law Schools) _dvLex Global (U.S. Academic Edition, Law Schools) _dvLex Global (U.S. Academic Edition, excluding Law Schools) _dvLex Global (Academic Edition, Law Schools) |
|
| 650 | 0 | 4 |
_aEconomía y negocios _zColombia |
| 740 | 0 | _avLex Libros (Servicio en línea) | |
| 856 | 4 | 0 | _uhttps://app.vlex.com/#/sources/estrategias-muestreo-dise-o-encuestas-estimacion-parametros-22580 |
| 942 | _cRAA | ||
| 999 |
_c166611 _d166611 |
||